Adivina el logo - Argentina 13 - Estadísticas

Estadísticas generales
  • Esta prueba ha sido intentada 37 veces
  • La puntuación promedio es 8 de 16
Estadísticas de respuestas
Imagen Respuesta % Correcto
Bon o Bon
100%
Frávega
97%
Cindor
93%
Milka
93%
Scott
59%
Firestone
55%
Dánica
52%
Milkaut
52%
Cabrales
48%
La Cardeuse
34%
Centrum
31%
Elige tu propia aventura
21%
La Rural
21%
Café Fundador
14%
Megatlón
14%
Wellington Polo Club
14%
No se encontraron pruebas coincidentes
Distribución de puntuación
Porcentaje de gente con cada puntuación
Porcentaje por número respondido
Historial de tus puntuaciones
No has intentado esta prueba.